Atlas historique ou Nouvelle introduction a l'histoire, à la chronologie & à la géographie ancienne & moderne (Record no. 153105)

MARC details
000 -LEADER
campo de control de longitud fija 01602nam a22002895i 4500
001 - NÚMERO DE CONTROL
campo de control 153105
003 - IDENTIFICADOR DE NÚMERO DE CONTROL
campo de control ES-MaACL
005 - FECHA Y HORA DE LA ÚLTIMA TRANSACCIÓN
campo de control 20251110063229.0
008 - DATOS DE LONGITUD FIJA--INFORMACIÓN GENERAL
campo de control de longitud fija 050811s1737 ne abf | |||||||| ||fre d
040 ## - FUENTE DE CATALOGACIÓN
Centro catalogador/agencia de origen CAM
Lengua de catalogación spa
Centro/agencia transcriptor CAM
100 1# - ENTRADA PRINCIPAL--NOMBRE DE PERSONA
Nombre de persona Chatelain, Henri,
Fechas asociadas al nombre 1684-1743
9 (RLIN) 154971
245 10 - MENCIÓN DEL TÍTULO
Título Atlas historique ou Nouvelle introduction a l'histoire, à la chronologie & à la géographie ancienne & moderne
Resto del título : représentée dans de nouvelles cartes, où l'on remarque l'etablissement des etats & empires du monde, leu durée ... /
Mención de responsabilidad, etc. par Mr. C*** ; avec des dissertations sur l'histoire de chaque etat par Mr. Guedeville ; tome II, première partie, qui comprend l'Allemagne, la Prusse, la Hongrie & la Boheme.
250 ## - MENCION DE EDICION
Mención de edición Nouvelle éd. revûë, corrigée [et] ... augmentée.
260 ## - PUBLICACIÓN, DISTRIBUCIÓN, ETC.
Lugar de publicación, distribución, etc. A Amsterdam :
Nombre del editor, distribuidor, etc. chez Zacharie Chatelain libraire,
Fecha de publicación, distribución, etc. 1737.
300 ## - DESCRIPCIÓN FÍSICA
Extensión [16], 90 p., 41 h. de grab. ;
Dimensiones Fol. (46 cm)
597 ## - NOTA DE DESCRIPCIÓN FÍSICA
NOTA DE DESCRIPCIÓN FÍSICA Sign.: [ ]2, *-3*2, A-D2, E1, F-Z2, 2A2.
597 ## - NOTA DE DESCRIPCIÓN FÍSICA
NOTA DE DESCRIPCIÓN FÍSICA Texto a dos col.
597 ## - NOTA DE DESCRIPCIÓN FÍSICA
NOTA DE DESCRIPCIÓN FÍSICA Antep.
597 ## - NOTA DE DESCRIPCIÓN FÍSICA
NOTA DE DESCRIPCIÓN FÍSICA Port. a dos tintas.
599 ## - NOTA A LAS ILUSTRACIONES
NOTA A LAS ILUSTRACIONES Las hh. de grab. calc., maps., tablas cronólogicas ... En la secuencia de las hh. de grab. se incluyen hh. de texto enmarcadas, que corresponden a la explicación de algunas de estas lám.
599 ## - NOTA A LAS ILUSTRACIONES
NOTA A LAS ILUSTRACIONES Front. calc.: "Rom: de Hooge invenit, Sluyter fecit"
650 #7 - PUNTO DE ACCESO ADICIONAL DE MATERIA--TÉRMINO DE MATERIA
Término de materia o nombre geográfico como elemento de entrada Geografía
Fuente del encabezamiento o término embne
9 (RLIN) 13070
700 1# - ENTRADA AGREGADA--NOMBRE PERSONAL
Nombre de persona Gueudeville, Nicolas,
Fechas asociadas al nombre 1652-1721?
9 (RLIN) 127608
852 ## - LOCALIZACIÓN
Ubicación ES-MaACL
Número de control de estantería R-1506
Nota libre -- Enc. piel con hierros dorados, no original de la época
Encuadernación Olim: G-3976-82
942 ## - ELEMENTOS DE ENTRADA SECUNDARIOS (KOHA)
Fuente del sistema de clasificación o colocación Clasificación decimal universal
Holdings
Estatus retirado Estado de pérdida Estado de daño No para préstamo Colección Biblioteca de origen Biblioteca actual Ubicación en estantería Fecha de adquisición Fuente de adquisición Total de préstamos Signatura topográfica completa Código de barras Visto por última vez Precio de reemplazo Tipo de ítem Koha
        Libros del s. XVIII Biblioteca del Ateneo de Madrid Biblioteca del Ateneo de Madrid Depósito 17/01/2008     R-1506 1159963 23/02/2023 23/02/2023 Libro impreso antiguo